logo

Bir Sreshtho Munshi Abdur Rouf Library
Jhenaidah Cadet College

Fluid mechanics and thermodynamics of turbomachinery / (Record no. 12158)

MARC details
000 -LEADER
fixed length control field 00812nam a2200277 a 4500
001 - CONTROL NUMBER
JCCL Control Number 12158
003 - CONTROL NUMBER IDENTIFIER
JCCL marc code BD-JhCC
005 - DATE AND TIME OF LATEST TRANSACTION
control field 20210322085937.0
008 - FIXED-LENGTH DATA ELEMENTS--GENERAL INFORMATION
fixed length control field 210322s2014 nyua|||| |||| 001 0 eng d
020 ## - INTERNATIONAL STANDARD BOOK NUMBER
International Standard Book Number 9780124159549
035 ## - SYSTEM CONTROL NUMBER
system control number (BD-JhCC)12158
040 ## - CATALOGING SOURCE
Original cataloging agency BD-JhCC
Modifying agency BD-JhCC
041 ## - LANGUAGE CODE
Language code of Book eng
082 ## - DEWEY DECIMAL CLASSIFICATION NUMBER
Classification number 621.406
Author mark and Year DIX 2014
100 ## - MAIN ENTRY--PERSONAL NAME
Personal name Dixon, S. L.
Fuller form of name (Sydney Lawrence)
245 ## - TITLE STATEMENT
Title Fluid mechanics and thermodynamics of turbomachinery /
Statement of responsibility, etc S. L. Dixon and C. A. Hall
250 ## - EDITION STATEMENT
Edition statement 7th ed.
260 ## - PUBLICATION, DISTRIBUTION, ETC. (IMPRINT)
Place of publication, distribution, etc London :
Name of publisher, distributor, etc Elsevier,
Date of publication, distribution, etc c2014.
300 ## - PHYSICAL DESCRIPTION
Pagination xviii, 537 p. :
Other physical details ill. ;
Dimensions 24 cm.
504 ## - BIBLIOGRAPHY, ETC. NOTE
Bibliography, etc Includes index and bibliography.
650 ## - SUBJECT ADDED ENTRY--TOPICAL TERM
Topical term or geographic name as entry element Turbomachines--Fluid dynamics
650 ## - SUBJECT ADDED ENTRY--TOPICAL TERM
Topical term or geographic name as entry element Turbomachines--Thermodynamics
650 ## - SUBJECT ADDED ENTRY--TOPICAL TERM
Topical term or geographic name as entry element Fluid mechanics
700 ## - ADDED ENTRY--PERSONAL NAME
Personal name Hall, C. A.
942 ## - ADDED ENTRY ELEMENTS (KOHA)
Source of classification or shelving scheme Dewey Decimal Classification
Koha item type Books
Holdings
Source of classification or shelving scheme Damaged status Not for loan Home library Current library Shelving location Date of accession Cost, normal purchase price Total Checkouts Full call number Barcode Date last seen Copy number Koha item type
Dewey Decimal Classification     JCC Rouf Library JCC Rouf Library General Stacks 03/22/2021 842.00   621.406 DIX 2014 16612 03/22/2021 C-1 Books

JCC Library | Contacts | JCC Home

Last Update on 23 September 2017
Copyright @ 2017-2020 JCC Rouf Library
Rouf Library, Jhenidah Cadet College (JCC), Bangladesh